IPL 2013 Quiz - Statistics

General Stats
  • This quiz has been taken 10 times
  • The average score is 9 of 15
Answer Stats
Question Answer % Correct
Who were the runners-up? Chennai Super Kings
90%
Who scored the fastest 50? Chris Gayle
90%
Who won the IPL? Mumbai Indians
90%
What was the highest individual score of the 2013 IPL? 175*
80%
How many balls did Chris Gayle take to complete a century? 30
80%
What were the best bowling figures of the 2013 IPL? 5/16
80%
Who was the Purple Cap winner? Dwayne Bravo
80%
Who was the Orange Cap winner? Michael Hussey
70%
Which team was placed last in the table? Delhi Daredevils
60%
What team had a NRR of -1.006 Pune Warriors India
60%
What edition of the IPL was this? 6th
50%
Who conceded the most runs in a match? Ishant Sharma
30%
Who got the best bowling figures? James Faulkner
30%
Who bowled the most dot balls? Dale Steyn
20%
Who bowled the fastest ball? Shaun Tait
20%
No matching quizzes found
Score Distribution
Percent of People with Each Score
Percentile by Number Answered
Your Score History
You have not taken this quiz